金星獲得経験のある力士(サドンデス) - Statistics

General Stats
  • This quiz has been taken 19 times
  • The average score is 5 of 17
Answers on the Grid
Answers color-coded by a green-red scale on the quiz's grid according to % correct below.
朝青龍明徳
小城錦康年
水戸泉政人
琴欧洲勝紀
普天王水
碧山亘右
時天空慶晃
玉乃島新
露鵬幸生
貴ノ岩義司
霜鳳典雄
時津海正博
黒海太
魁聖一郎
豊真将紀行
豪風旭
旭豊勝照
隆乃若勇紀
岩木山竜太
鶴竜力三郎
照ノ富士春雄
臥牙丸勝
大翔山直樹
闘牙進
雅山哲士
栃ノ心剛史
朝赤龍太郎
蒼国来栄吉
舞の海秀平
千代大龍秀政
 
Answer Stats
Answer % Correct
栃ノ心剛史
58%
臥牙丸勝
42%
千代大龍秀政
42%
朝青龍明徳
33%
貴ノ岩義司
33%
黒海太
33%
豪風旭
33%
雅山哲士
33%
蒼国来栄吉
33%
碧山亘右
25%
玉乃島新
25%
岩木山竜太
25%
大翔山直樹
25%
小城錦康年
17%
霜鳳典雄
17%
旭豊勝照
17%
隆乃若勇紀
17%
No matching quizzes found
Score Distribution
Percent of People with Each Score
Percentile by Number Answered
Your Score History
You have not taken this quiz